000 00778cab a2200241 4500
001 ABS46800
008 090401t1992 xxu||||| |||| 00| 0 eng d
035 _a(Sirsi) u59511
041 _aeng
100 _aBurton, I.
245 _aAgreements on increase though still scarce
260 _c1992
350 _a0
490 _aPlanning (for the Natural and Built Environment)
_v(975) 3 July 1992, 6-7(2)
520 _aReports on the main findings of research into the scale and scope of planning agreements, carried out on behalf of the DOE and assesses the implications for practice.
650 _aDOE
650 _aPLANNING AGREEMENTS
650 _aPLANNING GAIN
650 _aRESEARCH
690 _aPLANNING LAW AND PRACTICE
942 _n0
948 _c04/03/1997
999 _c36518
_d36518